000 00219 a2200097 4500
001 19904
100 _aGovt of Pakistan
245 _aConstitution of Pakistan 1973
260 _a
_bMansoor Book
_c
090 _c14526
_d14526
942 _aNUST-CAE
_cM
_c5032
999 _c254977
_d254977